[Event "Berlin Cup op"]
[Site "Berlin"]
[Date "2018.09.27"]
[Round "5"]
[White "Keskowski, Thilo"]
[Black "Lenhardt, Manfred"]
[Result "0-1"]
[WhiteElo "2152"]
[BlackElo "2024"]
[PlyCount "100"]
[EventDate "2018.08.30"]
[EventType "swiss"]
[EventRounds "5"]
[EventCountry "GER"]
[SourceTitle "EXT 2022"]
[Source "ChessBase"]
[SourceDate "2021.10.06"]
[SourceVersion "1"]
[SourceVersionDate "2021.10.06"]
[SourceQuality "1"]

1. Nf3 d5 2. c4 e6 3. b3 Nf6 4. Bb2 Be7 5. g3 0-0 6. Bg2 c5 7. e3 Nc6 8. Ne5 Nxe5 9. Bxe5 Qa5 10. g4 b5 11. Nc3 b4 12. Nb5 Bd7 13. Nc7 Rad8 14. g5 Ne8 15. cxd5 Nxc7 16. d6 Bxd6 17. Bxd6 Bc6 18. Bxf8 Bxg2 19. Rg1 Be4 20. Be7 Rd7 21. Bf6 gxf6 22. gxf6+ Kf8 23. Qg4 Bg6 24. Qg5 Ke8 25. h4 Rd5 26. Qh6 c4 27. Rxg6 hxg6 28. Qh8+ Kd7 29. Qf8 Kc6 30. Qxf7 Rd7 31. Qxg6 Qd5 32. Rd1 Qh1+ 33. Ke2 Qxh4 34. f7 Qh8 35. Rc1 c3 36. Qe4+ Kb6 37. Qxb4+ Nb5 38. d4 Qh5+ 39. Kf1 Qh1+ 40. Ke2 Qh5+ 41. f3 Rxf7 42. Rf1 Qh2+ 43. Rf2 Qh7 44. e4 Qh6 45. Qc5+ Ka5 46. Kd3 Rc7 47. Qe5 Qc1 48. a4 Qd1+ 49. Ke3 Qxd4+ 50. Qxd4 Nxd4 0-1

[Event "GER M07-C email"]
[Site "GER email"]
[Date "2018.06.19"]
[Round "?"]
[White "Gonzaga Grego, Luis Jose"]
[Black "Keskowski, Thilo"]
[Result "1-0"]
[WhiteElo "2403"]
[BlackElo "2405"]
[PlyCount "75"]
[EventDate "2018.??.??"]
[EventType "tourn (corr)"]
[EventRounds "10"]
[EventCountry "GER"]
[SourceTitle "Corr 2020"]
[Source "ChessBase"]
[SourceDate "2019.09.30"]
[SourceVersion "1"]
[SourceVersionDate "2019.09.30"]
[SourceQuality "1"]

1. d4 Nf6 2. c4 d6 3. Nc3 Nbd7 4. e4 e5 5. Nge2 c6 6. d5 a6 7. Ng3 cxd5 8. cxd5 h5 9. Bd3 h4 10. Nf1 Nh5 11. Ne3 Nf4 12. 0-0 b5 13. h3 Rb8 14. Bc2 g5 15. Ne2 Rg8 16. Kh2 a5 17. b4 Nf6 18. bxa5 Qxa5 19. Bd2 Qa7 20. Bb4 Bd7 21. a4 Nxe2 22. Qxe2 bxa4 23. Bd2 g4 24. Nc4 Rc8 25. Be3 Qc7 26. Bd3 Rb8 27. Rab1 Rxb1 28. Rxb1 Rg6 29. Rc1 Qb8 30. Na5 Bh6 31. Bxh6 gxh3 32. gxh3 Rxh6 33. Nc6 Bxc6 34. dxc6 Qc7 35. Qe3 Rg6 36. Rb1 Kf8 37. Qb6 Qxb6 38. Rxb6 1-0

[Event "GER M07-C email"]
[Site "GER email"]
[Date "2018.06.19"]
[Round "?"]
[White "Keskowski, Thilo"]
[Black "Schulz, Guenter"]
[Result "1/2-1/2"]
[WhiteElo "2405"]
[BlackElo "2411"]
[PlyCount "85"]
[EventDate "2018.??.??"]
[EventType "tourn (corr)"]
[EventRounds "10"]
[EventCountry "GER"]
[SourceTitle "Corr 2020"]
[Source "ChessBase"]
[SourceDate "2019.09.30"]
[SourceVersion "1"]
[SourceVersionDate "2019.09.30"]
[SourceQuality "1"]

1. Nf3 Nf6 2. c4 g6 3. b3 Bg7 4. Bb2 0-0 5. g3 d6 6. Bg2 e5 7. d3 a5 8. a3 Bg4 9. h3 Bd7 10. 0-0 Na6 11. Nc3 Re8 12. e4 c6 13. d4 exd4 14. Nxd4 Qc8 15. Kh2 h5 16. Qc2 b5 17. cxb5 cxb5 18. Rfc1 b4 19. axb4 Nxb4 20. Qd2 Qd8 21. Rd1 h4 22. g4 Rb8 23. f4 Bc8 24. f5 d5 25. exd5 gxf5 26. gxf5 Nh5 27. Re1 Qd6+ 28. Kg1 Ba6 29. Ne4 Qf4 30. f6 Rxe4 31. Qxf4 Rxe1+ 32. Rxe1 Nxf4 33. fxg7 Nxg2 34. Kxg2 Nd3 35. Re4 Nxb2 36. Nf5 Bd3 37. Rxh4 Bxf5 38. Rh8+ Kxg7 39. Rxb8 Be4+ 40. Kg3 Bxd5 41. Rb5 Be4 42. Rxa5 f5 43. Kf4 1/2-1/2

[Event "Berlin Cup"]
[Site "Berlin"]
[Date "2017.09.28"]
[Round "4"]
[White "Daum, Norman"]
[Black "Keskowski, Thilo"]
[Result "1/2-1/2"]
[WhiteElo "2137"]
[BlackElo "2113"]
[PlyCount "97"]
[EventDate "2017.09.14"]
[EventType "k.o."]
[EventRounds "6"]
[EventCountry "GER"]
[SourceTitle "CBM 189 Extra"]
[Source "ChessBase"]
[SourceDate "2019.05.31"]
[SourceVersion "1"]
[SourceVersionDate "2019.05.31"]
[SourceQuality "1"]

1. e4 d6 2. Nc3 Nf6 3. f4 e5 4. Bc4 Be7 5. Nf3 Nc6 6. d3 0-0 7. 0-0 Na5 8. Bb3 Nxb3 9. axb3 exf4 10. Bxf4 d5 11. e5 Ne8 12. d4 c6 13. Ne2 Nc7 14. Ng3 Bg4 15. Qd2 Ne6 16. h3 Bxf3 17. Rxf3 g6 18. Bh6 Bg5 19. Bxg5 Qxg5 20. Qf2 c5 21. dxc5 Qxe5 22. c3 Qc7 23. b4 a5 24. bxa5 Nxc5 25. Qc2 Rxa5 26. Rxa5 Qxa5 27. b4 Qa1+ 28. Rf1 Qa4 29. Qd2 Ne4 30. Nxe4 dxe4 31. Qd4 f5 32. Qd5+ Rf7 33. Qd8+ Kg7 34. Qd4+ Kf8 35. Qd6+ Re7 36. g4 Qa7+ 37. Kh1 Qe3 38. Qf6+ Ke8 39. Qh8+ Kd7 40. Rd1+ Ke6 41. gxf5+ gxf5 42. Qg8+ Ke5 43. Qb8+ Ke6 44. Qc8+ Kf6 45. Qf8+ Rf7 46. Qd8+ Re7 47. Qh8+ Ke6 48. Qc8+ Kf6 49. Qf8+ 1/2-1/2

[Event "GER CM04-A email"]
[Site "GER email"]
[Date "2017.06.26"]
[Round "?"]
[White "Keskowski, Thilo"]
[Black "Felkel, Siegfried"]
[Result "1-0"]
[WhiteElo "2399"]
[BlackElo "2394"]
[PlyCount "163"]
[EventDate "2017.??.??"]
[EventType "tourn (corr)"]
[EventRounds "10"]
[EventCountry "GER"]
[SourceTitle "Corr 2022"]
[Source "ChessBase"]
[SourceDate "2021.10.24"]
[SourceVersion "1"]
[SourceVersionDate "2021.10.24"]
[SourceQuality "1"]

1. Nf3 d5 2. c4 d4 3. b4 Bg4 4. Qb3 Nf6 5. g3 a5 6. b5 a4 7. Qd3 c5 8. Bg2 Nbd7 9. h3 Bh5 10. Qc2 e6 11. d3 Qb6 12. 0-0 Bd6 13. Re1 0-0 14. e3 Qa5 15. Rf1 Rad8 16. e4 h6 17. g4 Bg6 18. Nh4 Bh7 19. f4 Ne8 20. Nf3 f6 21. f5 Nc7 22. Bd2 Qa7 23. Be1 Kh8 24. Nbd2 Rfe8 25. Nh4 Na8 26. Ndf3 Nab6 27. a3 Qb8 28. Kh1 Ne5 29. Nxe5 Bxe5 30. Bf3 Bg3 31. Rg1 Bc7 32. Bd1 Be5 33. Qg2 Qc7 34. Qf3 Bh2 35. Rf1 Bd6 36. Bd2 Ra8 37. Ng2 Nd7 38. h4 Bg3 39. Ra2 Qd6 40. Bc1 Re7 41. Rb2 Rg8 42. Re2 exf5 43. exf5 Rxe2 44. Bxe2 b6 45. Bd1 Qc7 46. Bxa4 Bd6 47. h5 Ne5 48. Qe2 Re8 49. Bd1 Bg8 50. Qc2 Bf7 51. Nf4 Re7 52. Ng6+ Bxg6 53. hxg6 Re8 54. Re1 Re7 55. Re4 Kg8 56. Kg1 Kf8 57. Qe2 Ke8 58. a4 Kd8 59. Qg2 Kc8 60. Bd2 Qb7 61. Qh3 Re8 62. Bf3 Qa7 63. a5 bxa5 64. Re1 a4 65. Ra1 Re7 66. Bd5 Kc7 67. Qg2 Nxd3 68. Be6 Qb7 69. Rxa4 Qxg2+ 70. Kxg2 Kb7 71. Bd5+ Kc8 72. Ra8+ Bb8 73. Kf1 Re8 74. b6 Kd7 75. Be6+ Ke7 76. Bxh6 gxh6 77. g7 Ne5 78. g8Q Rxg8 79. Bxg8 Bd6 80. b7 Nxg4 81. b8Q Bxb8 82. Rxb8 1-0

[Event "GER CM04-A email"]
[Site "GER email"]
[Date "2017.06.26"]
[Round "?"]
[White "Mirkowski, Piotr"]
[Black "Keskowski, Thilo"]
[Result "1/2-1/2"]
[WhiteElo "2416"]
[BlackElo "2399"]
[PlyCount "67"]
[EventDate "2017.??.??"]
[EventType "tourn (corr)"]
[EventRounds "10"]
[EventCountry "GER"]
[SourceTitle "Corr 2020"]
[Source "ChessBase"]
[SourceDate "2019.09.30"]
[SourceVersion "1"]
[SourceVersionDate "2019.09.30"]
[SourceQuality "1"]

1. d4 Nf6 2. c4 e6 3. Nf3 b6 4. g3 Bb7 5. Bg2 Be7 6. Nc3 Ne4 7. Qc2 Nxc3 8. Qxc3 0-0 9. 0-0 d6 10. Qd3 f5 11. Ne1 Bxg2 12. Nxg2 Qd7 13. Bd2 Bf6 14. Nf4 Nc6 15. d5 Nd8 16. e4 e5 17. Ne2 Nf7 18. Kg2 fxe4 19. Qxe4 Bg5 20. Bc3 Bf6 21. f3 Ng5 22. Qc2 Qh3+ 23. Kh1 Qh5 24. Ng1 Nh3 25. Rae1 a5 26. Kg2 Nxg1 27. Rxg1 Rf7 28. Qe4 Raf8 29. Rgf1 Bg5 30. Re2 Rf6 31. h4 Bh6 32. Qd3 Qf7 33. Ref2 Rg6 34. Kh2 1/2-1/2

[Event "GER CM04-A email"]
[Site "GER email"]
[Date "2017.06.26"]
[Round "?"]
[White "Schulz, Guenter"]
[Black "Keskowski, Thilo"]
[Result "1-0"]
[WhiteElo "2403"]
[BlackElo "2399"]
[PlyCount "113"]
[EventDate "2017.??.??"]
[EventType "tourn (corr)"]
[EventRounds "10"]
[EventCountry "GER"]
[SourceTitle "Corr 2020"]
[Source "ChessBase"]
[SourceDate "2019.09.30"]
[SourceVersion "1"]
[SourceVersionDate "2019.09.30"]
[SourceQuality "1"]

1. e4 d6 2. d4 Nf6 3. Nc3 e5 4. Nf3 exd4 5. Nxd4 Be7 6. g3 0-0 7. Bg2 Re8 8. 0-0 Bf8 9. Re1 Nbd7 10. a4 a5 11. h3 c6 12. Bf4 Ne5 13. Be3 Nc4 14. Bc1 h6 15. b3 Nb6 16. Bb2 Nbd7 17. Qd2 Nc5 18. Re3 Bd7 19. Rae1 Qc7 20. Nde2 Rad8 21. Nf4 b6 22. Na2 Nh7 23. Nc1 Bc8 24. c4 Nd7 25. Nce2 Nhf6 26. Qc2 Ne5 27. Nd4 Nfd7 28. g4 Nf6 29. Nh5 Nxh5 30. gxh5 f6 31. Kh1 Qf7 32. Qe2 c5 33. Nf5 Nc6 34. Kg1 Qc7 35. Nh4 Be6 36. Ng6 Bf7 37. h4 Ne7 38. Qg4 Nc6 39. Qg3 Nd4 40. Rd1 Re5 41. Bxd4 cxd4 42. Rxd4 Rxh5 43. Bh3 Re5 44. Bf5 Qc6 45. Rd5 Qe8 46. Nxe5 fxe5 47. Rb5 Rb8 48. Rd3 Be7 49. f4 Qc6 50. Kg2 Bf6 51. Bg6 Rf8 52. Bxf7+ Rxf7 53. Rbd5 exf4 54. Qxf4 Be5 55. Qg4 Re7 56. h5 Re8 57. Rf3 1-0

[Event "GER CM04-A email"]
[Site "GER email"]
[Date "2017.06.26"]
[Round "?"]
[White "Zeihser, Michael"]
[Black "Keskowski, Thilo"]
[Result "1/2-1/2"]
[WhiteElo "2392"]
[BlackElo "2399"]
[PlyCount "42"]
[EventDate "2017.??.??"]
[EventType "tourn (corr)"]
[EventRounds "10"]
[EventCountry "GER"]
[SourceTitle "Corr 2020"]
[Source "ChessBase"]
[SourceDate "2019.09.30"]
[SourceVersion "1"]
[SourceVersionDate "2019.09.30"]
[SourceQuality "1"]

1. d4 d6 2. e4 Nf6 3. Nc3 g6 4. f4 Bg7 5. Nf3 c5 6. Bb5+ Bd7 7. e5 Ng4 8. Bxd7+ Qxd7 9. h3 cxd4 10. Qxd4 Nc6 11. Qd3 Nh6 12. Be3 Nf5 13. 0-0-0 0-0-0 14. g4 Nxe3 15. Qxe3 Qc7 16. e6 Bxc3 17. Qxc3 f6 18. Rd5 Kb8 19. a3 Qb6 20. Kb1 Qf2 21. Rd2 Qb6 1/2-1/2